01688nas a22002174i 4500952008200000999001700082001001000099003001000109005001700119008004100136022001400177040004100191041000800232100003400240245009800274300005300372520084600425650003901271773015201310942000801462 00104070aFUSBCbFUSBCd2019-01-28l0r2019-01-28 00:00:00w2019-01-28yANA c64768d64768768714001CO-MdFUSB20190128215155.0190128s1978 sp ||||| |||| 00| 0 spa d a0210-1041 aCO-MdFUSBbspacCO-MdFUSBdCO-MdFUSB aspa aBaptist Metz, Johanneseautor00aRenovar la iglesia antes del nuevo concilio una idea en cuatro tesisc/ Johannes Baptist Metz aNúmero 138b (1978), páginas 279-285c: 20 cm aConcilium celebra anualmente una asamblea general en la que participan todos los miembros del comité de dirección, así teólogos como científicos, y los diversos editores de la revista. De cuando en cuando se otorga a esa asamblea el carácter de congreso y se dedica al estudio de algún tema que el entorno cultural plantea a la teología de la iglesia. El contenido de cada artículo de esta revista y cuyo resultado plasmado aquí, ocurre debido a la estudio y análisis ocurrido en 1977 en una reunión que tuvo lugar en la universidad de Notre Dame, South Bend / Chicago. Los interrogantes que en ella se plantearon fueron éstos: ¿Cuál es la verdadera situación de la Iglesia hoy? ¿Qué se ha hecho y qué está por hacer después del Vaticano II? ¿Será necesario y hasta inaplazable un nuevo concilio?  09912aIglesia y problemas mundiales0 049450960420oR0326tRevista internacional de teología Conciliumw(CO-MdFUSB)8x0210-1041gNúmero 138b (1978), páginas 279-285qPáginas 279 cANA